000 00356nam a2200133Ia 4500
008 230917s9999||||xx |||||||||||||| ||und||
040 _e96271
_aMAIN
041 _aEnglish
082 _a616.01 J181E
100 _aJagdish Chander
245 0 _aEvaluation of different selective media for isolation of group b streptococci
300 _a74 p.
942 _cTH
999 _c49631
_d49631